[Event "HUN-chT2 Breyer 1112"]
[Site "Hungary"]
[Date "2011.10.30"]
[Round "2.10"]
[White "Sugar, Balint"]
[Black "Havasi, Gergo"]
[Result "1/2-1/2"]
[WhiteElo "1869"]
[BlackElo "1849"]
[PlyCount "92"]
[EventDate "2011.09.25"]
[EventType "team-tourn"]
[EventRounds "11"]
[EventCountry "HUN"]
[SourceTitle "EXT 2013"]
[Source "ChessBase"]
[SourceDate "2012.11.22"]
[SourceVersion "1"]
[SourceVersionDate "2012.11.22"]
[SourceQuality "1"]
[WhiteTeam "Zsambek"]
[BlackTeam "MAV Elore"]
[WhiteTeamCountry "HUN"]
[BlackTeamCountry "HUN"]

1. e4 c5 2. Nc3 Nc6 3. g3 d6 4. Bg2 g6 5. d3 Bg7 6. f4 e6 7. Nf3 Nge7 8. 0-0 0-0 9. Be3 Nd4 10. Rb1 Rb8 11. Ne2 Nxf3+ 12. Bxf3 b5 13. d4 c4 14. b3 Qc7 15. bxc4 bxc4 16. c3 d5 17. e5 Bd7 18. Qd2 Qa5 19. Rxb8 Rxb8 20. Rb1 Rb6 21. Rxb6 axb6 22. Qb2 Nc8 23. Bc1 Bf8 24. Kf2 Na7 25. Ke3 Nb5 26. Kd2 Na3 27. Ke3 Ba4 28. Bd2 Bc2 29. Nc1 Bd3 30. Bd1 Be4 31. Ne2 Nb1 32. a4 Nxd2 33. Kxd2 Bf3 34. Qb5 Qxb5 35. axb5 Bxe2 36. Bxe2 Be7 37. g4 f6 38. exf6 Bxf6 39. g5 Be7 40. Bg4 Kf7 41. h4 Bd6 42. Ke3 Ba3 43. Kd2 Bd6 44. Ke3 Ba3 45. Kd2 Bd6 46. Ke3 Ba3 1/2-1/2

[Event "HUN-chT2 Breyer 1011"]
[Site "Hungary"]
[Date "2011.05.15"]
[Round "11.10"]
[White "Sugar, Balint"]
[Black "Toth, Tamas"]
[Result "1/2-1/2"]
[WhiteElo "1827"]
[BlackElo "2053"]
[PlyCount "53"]
[EventDate "2010.09.12"]
[EventType "team-tourn"]
[EventRounds "11"]
[EventCountry "HUN"]
[SourceTitle "EXT 2012"]
[Source "ChessBase"]
[SourceDate "2011.11.24"]
[SourceVersion "1"]
[SourceVersionDate "2011.11.24"]
[SourceQuality "1"]
[WhiteTeam "Zsambek"]
[BlackTeam "Turul"]
[WhiteTeamCountry "HUN"]
[BlackTeamCountry "HUN"]

1. e4 e6 2. Qe2 c5 3. g3 Nc6 4. c3 d5 5. d3 Nf6 6. Bg2 b6 7. Nf3 Ba6 8. exd5 Nxd5 9. 0-0 Rc8 10. Rd1 Be7 11. Nbd2 0-0 12. Nc4 Bf6 13. Nfe5 b5 14. Nxc6 Rxc6 15. Ne5 Rd6 16. Ng4 Bg5 17. Bxg5 Qxg5 18. Qe5 Qxe5 19. Nxe5 f6 20. Ng4 Rfd8 21. Re1 Kf7 22. f4 Nb6 23. Nf2 R8d7 24. Ne4 Rd5 25. Nf2 R5d6 26. Ne4 Rd5 27. Nf2 1/2-1/2

[Event "HUN-chT2 Breyer 1011"]
[Site "Hungary"]
[Date "2011.04.17"]
[Round "9.11"]
[White "Horvath, Attila Bela"]
[Black "Sugar, Balint"]
[Result "1-0"]
[WhiteElo "1767"]
[BlackElo "1827"]
[PlyCount "83"]
[EventDate "2010.09.12"]
[EventType "team-tourn"]
[EventRounds "11"]
[EventCountry "HUN"]
[SourceTitle "EXT 2012"]
[Source "ChessBase"]
[SourceDate "2011.11.24"]
[SourceVersion "1"]
[SourceVersionDate "2011.11.24"]
[SourceQuality "1"]
[WhiteTeam "MAFC"]
[BlackTeam "Zsambek"]
[WhiteTeamCountry "HUN"]
[BlackTeamCountry "HUN"]

1. e4 c5 2. f4 d5 3. e5 Nc6 4. Nf3 Bg4 5. d3 e6 6. Be2 Nh6 7. 0-0 Nf5 8. h3 Bxf3 9. Bxf3 Be7 10. c3 0-0 11. Na3 Qb6 12. Nc2 Rad8 13. Kh2 d4 14. c4 Kh8 15. g4 Nh4 16. Be4 Qc7 17. Qe1 g5 18. Qg3 h6 19. Ne1 f6 20. exf6 Bxf6 21. Ng2 Nxg2 22. Kxg2 Rf7 23. Bd2 Rdf8 24. Bxc6 Qxc6+ 25. Qf3 Qxf3+ 26. Rxf3 Be5 27. Re1 Bc7 28. Rxe6 gxf4 29. Rxh6+ Kg7 30. Re6 Rf6 31. Re7+ R8f7 32. Re8 Rf8 33. Re7+ R8f7 34. Re4 Kg6 35. h4 b6 36. Kh3 Rc6 37. Kg2 Rcf6 38. Kh2 Rh7 39. Kh3 Rf8 40. h5+ Kg5 41. Be1 Rhh8 42. Re6 1-0

[Event "HUN-chT2 Breyer 1011"]
[Site "Hungary"]
[Date "2010.11.07"]
[Round "5.11"]
[White "Toth Katona, Tamas"]
[Black "Sugar, Balint"]
[Result "0-1"]
[WhiteElo "1607"]
[BlackElo "1827"]
[PlyCount "58"]
[EventDate "2010.09.12"]
[EventType "team-tourn"]
[EventRounds "11"]
[EventCountry "HUN"]
[SourceTitle "EXT 2012"]
[Source "ChessBase"]
[SourceDate "2011.11.24"]
[SourceVersion "1"]
[SourceVersionDate "2011.11.24"]
[SourceQuality "1"]
[WhiteTeam "Vizugy"]
[BlackTeam "Zsambek"]
[WhiteTeamCountry "HUN"]
[BlackTeamCountry "HUN"]

1. e4 c6 2. d4 d5 3. Nc3 dxe4 4. Nxe4 Bf5 5. Ng3 Bg6 6. Bc4 e6 7. N1e2 Bd6 8. 0-0 Qc7 9. f4 Ne7 10. Bd3 Nd7 11. Kh1 Nf6 12. f5 exf5 13. Nxf5 Nxf5 14. Bxf5 Bxf5 15. Rxf5 0-0-0 16. Qd3 Rde8 17. Bf4 Bxf4 18. Nxf4 Ng4 19. Qf3 g6 20. Rg5 f5 21. Rc1 Re3 22. Qf1 Qe7 23. Nh3 Re2 24. Rxg4 fxg4 25. Nf4 Re4 26. g3 Rf8 27. Qd1 g5 28. Nd3 Re2 29. Qg1 Qe4+ 0-1

[Event "HUN-ch U14"]
[Site "Budapest"]
[Date "2010.06.29"]
[Round "4"]
[White "Farkas, Richard"]
[Black "Sugar, Balint"]
[Result "1-0"]
[WhiteElo "1873"]
[BlackElo "1785"]
[PlyCount "47"]
[EventDate "2010.06.26"]
[EventType "swiss"]
[EventRounds "9"]
[EventCountry "HUN"]
[SourceTitle "CBM 137 Extra"]
[Source "ChessBase"]
[SourceDate "2010.09.01"]
[SourceVersion "1"]
[SourceVersionDate "2010.09.01"]
[SourceQuality "1"]

1. e4 e5 2. Nf3 Nc6 3. Bb5 f5 4. Nc3 fxe4 5. Nxe4 d5 6. Nxe5 dxe4 7. Nxc6 Qg5 8. c4 Bd7 9. d4 Qf5 10. Ne5 Bxb5 11. cxb5 Bd6 12. Qg4 Bb4+ 13. Ke2 Qxg4+ 14. Nxg4 0-0-0 15. Be3 Rd5 16. a4 Ne7 17. Rac1 Nf5 18. Rc4 Ba5 19. b4 Bb6 20. Rhc1 Nxd4+ 21. Bxd4 Rxd4 22. a5 h5 23. Ne5 e3 24. axb6 1-0

[Event "HUN-ch U14"]
[Site "Budapest"]
[Date "2010.06.27"]
[Round "2"]
[White "Csonka, Balazs"]
[Black "Sugar, Balint"]
[Result "1-0"]
[WhiteElo "2197"]
[BlackElo "1785"]
[PlyCount "31"]
[EventDate "2010.06.26"]
[EventType "swiss"]
[EventRounds "9"]
[EventCountry "HUN"]
[SourceTitle "CBM 137 Extra"]
[Source "ChessBase"]
[SourceDate "2010.09.01"]
[SourceVersion "1"]
[SourceVersionDate "2010.09.01"]
[SourceQuality "1"]

1. e4 e5 2. Nf3 f5 3. Nxe5 Qf6 4. d4 d6 5. Nd3 fxe4 6. Nf4 c6 7. d5 Ne7 8. Nc3 Bf5 9. g4 Bg6 10. Ne6 Kd7 11. Bg5 Qe5 12. Bf4 Qf6 13. g5 Qf7 14. dxc6+ Nexc6 15. Nxf8+ Qxf8 16. Bh3+ 1-0

[Event "HUN-ch U14"]
[Site "Budapest"]
[Date "2010.06.26"]
[Round "1"]
[White "Sugar, Balint"]
[Black "Dulacska, Matyas"]
[Result "1-0"]
[WhiteElo "1785"]
[BlackElo "1348"]
[PlyCount "35"]
[EventDate "2010.06.26"]
[EventType "swiss"]
[EventRounds "9"]
[EventCountry "HUN"]
[SourceTitle "CBM 137 Extra"]
[Source "ChessBase"]
[SourceDate "2010.09.01"]
[SourceVersion "1"]
[SourceVersionDate "2010.09.01"]
[SourceQuality "1"]

1. e4 e5 2. f4 exf4 3. Nf3 g5 4. Bc4 g4 5. Ne5 Qh4+ 6. Kf1 Nh6 7. d4 d6 8. Nd3 f3 9. Nf4 fxg2+ 10. Kxg2 Rg8 11. Qe1 Qf6 12. c3 Nc6 13. Rf1 Qg7 14. Nh5 Qg6 15. Nf6+ Ke7 16. Nxg8+ Qxg8 17. Bxh6 Bxh6 18. Rxf7+ 1-0

[Event "HUN-chT2 Breyer 0910"]
[Site "Hungary"]
[Date "2010.03.21"]
[Round "8"]
[White "Szinavel, Zsolt"]
[Black "Sugar, Balint"]
[Result "1-0"]
[WhiteElo "2145"]
[BlackElo "1781"]
[PlyCount "77"]
[EventDate "2009.11.08"]
[EventType "team-tourn"]
[EventRounds "11"]
[EventCountry "HUN"]
[SourceTitle "EXT 2011"]
[Source "ChessBase"]
[SourceDate "2010.11.26"]
[SourceVersion "1"]
[SourceVersionDate "2010.11.26"]
[SourceQuality "1"]
[WhiteTeam "Kisber Aszar"]
[BlackTeam "Zsambek"]
[WhiteTeamCountry "HUN"]
[BlackTeamCountry "HUN"]

1. d4 Nf6 2. Nf3 g6 3. Nc3 d5 4. Bg5 Bg7 5. Bxf6 Bxf6 6. e4 dxe4 7. Nxe4 Bg7 8. Bc4 0-0 9. h3 c6 10. Qd2 Nd7 11. g4 b5 12. Be2 Bb7 13. 0-0-0 e5 14. Nd6 Qc7 15. Nxb7 Qxb7 16. d5 c5 17. Qe3 Rfc8 18. g5 c4 19. Nd2 Nb6 20. Ne4 Nxd5 21. Rxd5 Qxd5 22. Rd1 Qe6 23. Bg4 Qb6 24. Qxb6 axb6 25. Bxc8 Rxc8 26. c3 h6 27. h4 hxg5 28. hxg5 Rc6 29. Rd8+ Kh7 30. Rd5 b4 31. cxb4 c3 32. bxc3 Rc4 33. f3 Rc6 34. Rd6 Rxd6 35. Nxd6 f6 36. Ne8 e4 37. Nxg7 exf3 38. Kd2 Kxg7 39. a4 1-0

[Event "HUN-chT2 Breyer 0910"]
[Site "Hungary"]
[Date "2010.02.28"]
[Round "7"]
[White "Sugar, Balint"]
[Black "Villanyi, Laszlo"]
[Result "1-0"]
[WhiteElo "1781"]
[BlackElo "1948"]
[PlyCount "84"]
[EventDate "2009.11.08"]
[EventType "team-tourn"]
[EventRounds "11"]
[EventCountry "HUN"]
[SourceTitle "EXT 2011"]
[Source "ChessBase"]
[SourceDate "2010.11.26"]
[SourceVersion "1"]
[SourceVersionDate "2010.11.26"]
[SourceQuality "1"]
[WhiteTeam "Zsambek"]
[BlackTeam "Gyor Komszomol"]
[WhiteTeamCountry "HUN"]
[BlackTeamCountry "HUN"]

1. e4 c5 2. Nc3 Nc6 3. g3 g6 4. Bg2 Bg7 5. d3 d6 6. f4 h5 7. Be3 Nf6 8. d4 Ng4 9. Bd2 cxd4 10. Nd5 a5 11. h3 Nh6 12. f5 e6 13. fxe6 Bxe6 14. Nf4 Bc4 15. Nge2 Qb6 16. Qc1 0-0-0 17. Nd3 f5 18. b3 Bf7 19. b4 fxe4 20. bxa5 Qc7 21. Bxe4 d5 22. Bf3 Rde8 23. Kd1 Nf5 24. Rb1 Ne3+ 25. Bxe3 Rxe3 26. Rf1 Bh6 27. Qb2 Bg7 28. Qb5 Be6 29. a6 b6 30. Qxb6 Bxh3 31. Qxc7+ Kxc7 32. Rb7+ Kd6 33. Rh1 Bh6 34. Rxh3 Rxf3 35. Rh1 Ra8 36. Rb6 Rff8 37. Nxd4 Rab8 38. Rxc6+ Kd7 39. Ne5+ Ke8 40. Re6+ Kd8 41. Ndc6+ Kc7 42. Nxb8 Rxb8 1-0

[Event "HUN-chT2 Breyer 0708"]
[Site "Hungary"]
[Date "2007.12.16"]
[Round "5"]
[White "Bakacs, Ferenc"]
[Black "Sugar, Balint"]
[Result "0-1"]
[WhiteElo "1770"]
[BlackElo "1791"]
[PlyCount "66"]
[EventDate "2007.10.14"]
[EventType "team"]
[EventRounds "11"]
[EventCountry "HUN"]
[SourceTitle "EXT 2009"]
[Source "ChessBase"]
[SourceDate "2008.11.26"]
[SourceVersion "1"]
[SourceVersionDate "2008.11.26"]
[SourceQuality "1"]
[WhiteTeam "Hobagoly"]
[BlackTeam "Zsambek"]
[WhiteTeamCountry "HUN"]
[BlackTeamCountry "HUN"]

1. d4 Nf6 2. Bf4 d5 3. e3 Bf5 4. c4 e6 5. Nf3 Nbd7 6. Bd3 dxc4 7. Bxf5 Bb4+ 8. Nfd2 exf5 9. Qc2 Ne4 10. Qxc4 Bd6 11. Bxd6 Nxd6 12. Qe2 0-0 13. 0-0 Re8 14. Nc3 f4 15. Qf3 fxe3 16. fxe3 Qf6 17. Nd5 Qxf3 18. Rxf3 Rac8 19. Raf1 Nb6 20. Nxb6 cxb6 21. Nb3 f6 22. R1f2 a5 23. h3 Ne4 24. Re2 a4 25. Nd2 Rc2 26. Rf4 Rxd2 27. Rxe4 Rd1+ 28. Kf2 Rxe4 29. Rc2 Re7 30. a3 Rd3 31. Re2 Rc7 32. g4 Rc1 33. Kf3 Rb3 0-1

[Event "HUN-chT2 Breyer 0708"]
[Site "Hungary"]
[Date "2007.11.11"]
[Round "2"]
[White "Sugar, Balint"]
[Black "Horvath, Attila"]
[Result "0-1"]
[WhiteElo "1791"]
[BlackElo "2075"]
[PlyCount "82"]
[EventDate "2007.10.14"]
[EventType "team"]
[EventRounds "11"]
[EventCountry "HUN"]
[SourceTitle "EXT 2009"]
[Source "ChessBase"]
[SourceDate "2008.11.26"]
[SourceVersion "1"]
[SourceVersionDate "2008.11.26"]
[SourceQuality "1"]
[WhiteTeam "Zsambek"]
[BlackTeam "Geniusz Tata"]
[WhiteTeamCountry "HUN"]
[BlackTeamCountry "HUN"]

1. e4 c5 2. Nc3 Nc6 3. g3 e6 4. Bg2 Nf6 5. d3 d5 6. exd5 Nxd5 7. Nge2 Nxc3 8. Nxc3 Be7 9. 0-0 0-0 10. Re1 Nd4 11. Ne2 Nxe2+ 12. Qxe2 Qb6 13. Rb1 Bd7 14. Bf4 Bf6 15. Be5 Bxe5 16. Qxe5 Bc6 17. Bxc6 Qxc6 18. Qe4 Rac8 19. Qxc6 Rxc6 20. Kg2 Rd8 21. Re4 f5 22. Re5 Rdd6 23. Rbe1 Kf7 24. Kf3 Kf6 25. R1e2 g6 26. h3 b5 27. a3 a5 28. b4 Rd5 29. Rxd5 exd5 30. bxa5 Ra6 31. c3 Rxa5 32. Ra2 Ra4 33. Rb2 Rxa3 34. Rxb5 Rxc3 35. Ke2 Ke5 36. Rb2 Kd4 37. Rd2 h5 38. Rd1 g5 39. Rd2 f4 40. gxf4 gxf4 41. Rd1 f3+ 0-1